Book Title Multiplication Quiz Stats

 Plays Quiz Updated Oct 3, 2018

Score 0/14 Timer 05:00
4 Plays Today
Book #1 Number % Correct
A Tale of _____ Cities44
88.1%
The _____ Musketeers1.5
87.7%
_____ Flew Over the Cuckoo's Nest12
84.3%
Fahrenheit _____0
73.9%
Ready Player _____3.14....
73.3%
_____ Blind Mice300
69.5%
Cheaper by the _____48
61.5%
Book #1 Number % Correct
Around the World in _____ Days320
59.8%
_____ Reasons Why65
56.4%
House of _____ Gables35
45.1%
_____ Splendid Suns50,000
44.1%
Nineteen _____168
41.1%
The Sign of _____80,000
38.8%
_____ Children and It30
21.6%

You're not logged in!

Compare scores with friends on all Sporcle quizzes.
OR
Log In

Sporcle TV

Today on Sporcle TV


Watch our educational content, quiz creation guides, and fun videos on Sporcle TV.

Show Comments

Extras

Top Quizzes Today


Score Distribution

Your Account Isn't Verified!

In order to create a playlist on Sporcle, you need to verify the email address you used during registration. Go to your Sporcle Settings to finish the process.

Report this User

Report this user for behavior that violates our Community Guidelines.

Details: